000 00242 a2200109 4500
020 _a9788489163898
041 _aspa
100 _aStevenson, Robert
245 _aEl extrano caso del dr. jekyll y del sr. hyde
942 _cBK
999 _c29799
_d29797
999 _d29797